Cambridge international dictionary of phrasal verbs.
保存先:
| フォーマット: | Sách giấy |
|---|---|
| 言語: | English |
| 出版事項: |
UK :
Cambridge University press,
1997.
|
| 主題: | |
| タグ: |
タグ追加
タグなし, このレコードへの初めてのタグを付けませんか!
|
| Thư viện lưu trữ: | Thư viện Trường Đại học Đà Lạt |
|---|
| LEADER | 00688nam a2200301 4500 | ||
|---|---|---|---|
| 001 | DLU110119601 | ||
| 005 | ##20110409 | ||
| 040 | # | # | |a DLU |b vie |
| 041 | # | # | |a eng |
| 044 | # | # | |a vn |
| 082 | # | # | |a 423.1 |b Cam |
| 245 | # | # | |a Cambridge international dictionary of phrasal verbs. |
| 260 | # | # | |a UK : |b Cambridge University press, |c 1997. |
| 300 | # | # | |a xiii, 381 tr. ; |c 21 cm. |
| 653 | # | # | |a Dictionaries |
| 653 | # | # | |a English language |
| 923 | # | # | |a 01/2011NN |
| 991 | # | # | |a SH |
| 992 | # | # | |a 0 |
| 994 | # | # | |a KNN |
| 998 | # | # | |a TK |
| 900 | # | # | |a True |
| 911 | # | # | |a Đào Thị Thu Huyền |
| 925 | # | # | |a G |
| 926 | # | # | |a A |
| 927 | # | # | |a SH |
| 980 | # | # | |a Thư viện Trường Đại học Đà Lạt |